00728 2200253 4500001002100000005001700021008004100038020002200079035002400101040001200125082001200137090001800149100002000167245007900187250001000266260003900276300003900315504003000354600001900384650002500403850001200428990001700440990001700457YOGYA-0113000000177620130129101630.0 ind  a978-602-8479-33-2 0010-011300000001776 aYOPDYOG a959.823 a959.823 Har C aHARYADI BASKORO aCatatan perjalanan keistimewaan Yogya: menurut sejarah...cHARYADI BASKORO aCet.1 aYogyakartabPustaka Pelajarc2010. aXII , 201 hlmbilusc21 cm (2 eks) aBibliografi: hlm. 189-192 aSudomo Sunaryo aYogyakarta - sejarah aYOPDYOG a264-RBM/B.12 a263-RBM/B.12